| 000 | 00996nam a2200289Ia 4500 | ||
|---|---|---|---|
| 001 | Para_5800 | ||
| 003 | CHAP | ||
| 008 | 220125s1975 xx 000 0 und d | ||
| 010 | _a202636 | ||
| 040 | _cCHAP | ||
| 090 | _aPA TESIS 117 | ||
| 100 |
_aGarcía Valle, Rubén _946697 |
||
| 245 |
_aAnálisis de las aplicaciones comerciales de insecticidas al cultivo del algodonero, en el Valle del Yaqui, Sonora, durante 1973 y 1974 / _c por Rubén García Valle |
||
| 260 |
_a1. Chapingo, Méx. : _b el autor |
||
| 300 | _a63 h. | ||
| 502 | _aTesis (Ing. Agr. Esp. en Parasitología Agrícola) ENA. Departamento Parasitología Agrícola | ||
| 650 |
_aAlgodón _x Valle del Yaqui, Son. _9167952 |
||
| 650 |
_aInsecticidas _958855 |
||
| 710 |
_aENA. Departamento Parasitología Agrícola _9164684 |
||
| 901 | _aPA TESIS 117 | ||
| 902 | _aA | ||
| 905 | _a0000001975 i 0000000000 00 | ||
| 910 | _a1975 | ||
| 942 | _cPARA | ||
| 942 |
_cPARA _d1 |
||
| 999 |
_c202636 _d202636 |
||